Family Feud #12 - Statistics

General Stats
  • This quiz has been taken 18 times
  • The average score is 3 of 8
Answer Stats
Hint Answer % Correct
16 Store/ Mall
76%
16 Bar/ Nightclub
47%
15 Casino
47%
4 The Bank
47%
32 Restaurants
29%
8 The Movies
29%
2 Sports Game
6%
3 Racetrack
0%
No matching quizzes found
Score Distribution
Percent of People with Each Score
Percentile by Number Answered
Your Score History
You have not taken this quiz